Deutsche Städte, die über ein Hauptzollamt verfügen - Statistiken

Allgemein
  • Dieses Quiz wurde 72 mal gespielt
  • Das Durchschnittsergebnis liegt bei 30 aus 41
Antwortstatistiken
Bundesland Stadt % Korrekt
Baden-Württemberg Stuttgart
97%
Hessen Frankfurt am Main
93%
Bayern München
93%
Schleswig-Holstein Kiel
91%
Nordrhein-Westfalen Köln
91%
Nordrhein-Westfalen Dortmund
90%
Sachsen-Anhalt Magdeburg
90%
Nordrhein-Westfalen Düsseldorf
88%
Bayern Nürnberg
88%
Saarland Saarbrücken
88%
Sachsen Dresden
86%
Niedersachsen Hannover
86%
Baden-Württemberg Karlsruhe
86%
Bayern Augsburg
84%
Bremen
84%
Thüringen Erfurt
84%
Brandenburg Potsdam
84%
Berlin
83%
Hamburg
81%
Bayern Regensburg
81%
Baden-Württemberg Ulm
81%
Nordrhein-Westfalen Aachen
76%
Nordrhein-Westfalen Münster
76%
Niedersachsen Braunschweig
74%
Nordrhein-Westfalen Duisburg
74%
Rheinland-Pfalz Koblenz
74%
Niedersachsen Osnabrück
72%
Niedersachsen Oldenburg
67%
Nordrhein-Westfalen Bielefeld
66%
Hessen Darmstadt
62%
Hessen Gießen
62%
Mecklenburg-Vorpommern Stralsund
62%
Brandenburg Frankfurt (Oder)
60%
Baden-Württemberg Heilbronn
59%
Bayern Rosenheim
57%
Nordrhein-Westfalen Krefeld
40%
Baden-Württemberg Lörrach
38%
Bayern Landshut
34%
Bayern Schweinfurt
33%
Schleswig-Holstein Itzehoe
24%
Baden-Württemberg Singen
19%
Keine übereinstimmenden Quizze gefunden
Verteilung der Resultate
Anzahl Personen mit jedem Resultat
Perzentil nach korrekt beantworteten Fragen
Ihre Resultats-Entwicklung
Sie haben dieses Quiz noch nicht gespielt